[Event "Belgrade Trophy 35th"]
[Site "Belgrade"]
[Date "2021.11.24"]
[Round "1"]
[White "Djakovic, Todor"]
[Black "Novakovic, Dimitrije"]
[Result "1-0"]
[WhiteElo "1866"]
[BlackElo "1009"]
[PlyCount "77"]
[EventDate "2021.11.24"]
[EventType "swiss"]
[EventRounds "9"]
[EventCountry "SRB"]
[SourceTitle "CBM 205 Extra"]
[Source "ChessBase"]
[SourceDate "2022.01.31"]
[SourceVersion "1"]
[SourceVersionDate "2022.01.31"]
[SourceQuality "1"]

1. e4 c6 2. d4 d5 3. Nc3 dxe4 4. Nxe4 Nf6 5. Nxf6+ exf6 6. Be3 Be7 7. Bd3 0-0 8. c3 Re8 9. Qh5 g6 10. Qf3 Be6 11. Ne2 Bd5 12. Qh3 Qd7 13. Qxd7 Nxd7 14. Nf4 Bd6 15. Nxd5 cxd5 16. Kd2 a6 17. a4 f5 18. f3 f4 19. Bf2 Rab8 20. a5 Rbc8 21. Bc2 h6 22. Kd3 Nf6 23. Rhc1 g5 24. Bd1 h5 25. b3 g4 26. Bh4 Re3+ 27. Kd2 Kg7 28. Bxf6+ Kxf6 29. fxg4 hxg4 30. Bxg4 Rh8 31. h3 Rhe8 32. Bf3 Bf8 33. Bxd5 f3 34. Bxf3 Bh6 35. Kc2 Rc8 36. c4 Rce8 37. Rf1 Kg6 38. Rad1 Bf8 39. c5 1-0

[Event "Belgrade Trophy 34th"]
[Site "Belgrade"]
[Date "2020.12.02"]
[Round "9"]
[White "Radojicic, Aleksandar M"]
[Black "Djakovic, Todor"]
[Result "0-1"]
[WhiteElo "2015"]
[BlackElo "1818"]
[PlyCount "64"]
[EventDate "2020.11.24"]
[EventType "swiss"]
[EventRounds "9"]
[EventCountry "SRB"]
[SourceTitle "CBM 199 Extra"]
[Source "ChessBase"]
[SourceDate "2021.01.31"]
[SourceVersion "1"]
[SourceVersionDate "2021.01.31"]
[SourceQuality "1"]

1. d4 Nf6 2. Nc3 d5 3. Bf4 a6 4. e3 e6 5. g4 Bd6 6. Bg3 Bxg3 7. hxg3 h6 8. g5 Ng8 9. Qg4 e5 10. Qf3 e4 11. Qf4 Nc6 12. f3 hxg5 13. Rxh8 Kf8 14. Qe5 Nxe5 15. dxe5 Qe7 16. 0-0-0 Be6 17. fxe4 dxe4 18. Nxe4 Bg4 19. Re1 Qxe5 20. Bd3 Rd8 21. Rf1 Ke7 22. Nf2 Qxe3+ 23. Kb1 Be6 24. Rh7 c5 25. Rxg7 c4 26. Be2 Rd2 27. Ng4 Qe4 28. Bd1 Qd4 29. Kc1 Rxd1+ 30. Rxd1 Qxg7 31. Nf2 Qe5 32. c3 Qxg3 0-1

[Event "SRB-ch U16"]
[Site "Vrbas"]
[Date "2015.04.10"]
[Round "2"]
[White "Djakovic, Todor"]
[Black "Gluscevic, Filip"]
[Result "1-0"]
[WhiteElo "1793"]
[BlackElo "1506"]
[PlyCount "107"]
[EventDate "2015.04.09"]
[EventType "swiss"]
[EventRounds "9"]
[EventCountry "SRB"]
[SourceTitle "EXT 2016"]
[Source "ChessBase"]
[SourceDate "2015.10.08"]
[SourceVersion "1"]
[SourceVersionDate "2015.10.08"]
[SourceQuality "1"]

1. e4 e5 2. Nf3 Nc6 3. Bc4 Bc5 4. d3 h6 5. Be3 Bb6 6. Nc3 d6 7. Bxb6 axb6 8. d4 Bg4 9. dxe5 Nxe5 10. Bb5+ c6 11. Be2 Bxf3 12. Bxf3 Nxf3+ 13. Qxf3 Nf6 14. Rd1 Qe7 15. 0-0 0-0 16. a3 Rfe8 17. Rfe1 b5 18. h3 Rad8 19. Qd3 Qc7 20. Re3 Rd7 21. Rg3 Rde7 22. Qd4 Re6 23. Ne2 Qe7 24. f3 Nh5 25. Rg4 Qf6 26. Ng3 Qxd4+ 27. Rxd4 Nxg3 28. Rxg3 Rd8 29. Kf2 f6 30. h4 Ra8 31. Rh3 Ra4 32. Rd2 c5 33. Rh1 Kf7 34. h5 b4 35. axb4 Rxb4 36. c3 Ra4 37. Rhd1 Ke7 38. g4 Ra6 39. Ke3 Kf7 40. Kd3 b5 41. Ke3 Ke8 42. Kf4 Ke7 43. Rc2 Ke8 44. Rd5 Ke7 45. b4 Re5 46. Rdd2 g5+ 47. hxg6 Kf8 48. Rd5 Rxd5 49. exd5 Ra4 50. Rb2 c4 51. Kf5 Kg7 52. Re2 Ra7 53. Re6 Ra3 54. Re7+ 1-0

[Event "SRB-ch U16"]
[Site "Subotica"]
[Date "2014.04.20"]
[Round "5"]
[White "Kecskemeti, Arpad"]
[Black "Djakovic, Todor"]
[Result "0-1"]
[WhiteElo "1961"]
[BlackElo "1776"]
[PlyCount "92"]
[EventDate "2014.04.17"]
[EventType "swiss"]
[EventRounds "9"]
[EventCountry "SRB"]
[SourceTitle "CBM 160 Extra"]
[Source "ChessBase"]
[SourceDate "2014.07.01"]
[SourceVersion "1"]
[SourceVersionDate "2014.07.01"]
[SourceQuality "1"]

1. e4 e5 2. Nf3 Nc6 3. Bb5 a6 4. Ba4 Nf6 5. 0-0 b5 6. Bb3 Be7 7. Re1 d6 8. c3 0-0 9. d4 Bg4 10. Be3 Na5 11. Bc2 Nc4 12. Bc1 Nd7 13. h3 Bh5 14. b3 Ncb6 15. Nbd2 f6 16. Nf1 Re8 17. g4 Bf7 18. Ng3 Nf8 19. Nf5 Ne6 20. h4 Bf8 21. Be3 g6 22. Ng3 Qd7 23. Qd2 Ng7 24. Nh2 Rad8 25. d5 Be7 26. h5 gxh5 27. Nf5 Nxf5 28. gxf5 Kh8 29. Bd1 Rg8+ 30. Kh1 Rb8 31. Be2 c5 32. Qc2 Qe8 33. a4 bxa4 34. bxa4 Qc8 35. Reb1 a5 36. Rb5 Bd8 37. Rxa5 Nxd5 38. Rb5 Rxb5 39. axb5 Nxe3 40. fxe3 c4 41. Ra7 Qc5 42. Rxf7 Qxe3 43. Nf3 Qf2 44. Bd1 Qf1+ 45. Kh2 Bb6 46. Nd4 exd4 0-1

[Event "SRB-ch U16"]
[Site "Subotica"]
[Date "2014.04.19"]
[Round "4"]
[White "Rajkovic, Mladen"]
[Black "Djakovic, Todor"]
[Result "1-0"]
[WhiteElo "2140"]
[BlackElo "1776"]
[PlyCount "73"]
[EventDate "2014.04.17"]
[EventType "swiss"]
[EventRounds "9"]
[EventCountry "SRB"]
[SourceTitle "CBM 160 Extra"]
[Source "ChessBase"]
[SourceDate "2014.07.01"]
[SourceVersion "1"]
[SourceVersionDate "2014.07.01"]
[SourceQuality "1"]

1. e4 e5 2. Nf3 Nc6 3. Bb5 a6 4. Ba4 Nf6 5. d3 b5 6. Bb3 Bc5 7. c3 d6 8. 0-0 Bb7 9. Re1 h6 10. Nbd2 0-0 11. Nf1 Qd7 12. Ng3 Bb6 13. Nh4 Qg4 14. Nhf5 Qxd1 15. Bxd1 Kh7 16. Bc2 Ng8 17. h4 g6 18. Ne3 Nf6 19. f3 Rad8 20. Kh2 Bc8 21. Ne2 d5 22. Kh1 d4 23. Nd1 Ne8 24. f4 Bg4 25. Nf2 Bxe2 26. Rxe2 exf4 27. Bxf4 dxc3 28. bxc3 Bxf2 29. Rxf2 b4 30. Ba4 Na7 31. Be3 Nb5 32. Bc5 Ned6 33. Bxb5 axb5 34. e5 bxc3 35. exd6 cxd6 36. Bb4 Rc8 37. Rc1 1-0

[Event "SRB-ch U14"]
[Site "Vrnjacka Banja"]
[Date "2013.05.05"]
[Round "8"]
[White "Panic, Nikola I"]
[Black "Djakovic, Todor"]
[Result "0-1"]
[WhiteElo "1580"]
[BlackElo "1753"]
[PlyCount "82"]
[EventDate "2013.04.30"]
[EventType "swiss"]
[EventRounds "9"]
[EventCountry "SRB"]
[SourceTitle "CBM 154 Extra"]
[Source "ChessBase"]
[SourceDate "2013.06.25"]
[SourceVersion "2"]
[SourceVersionDate "2013.06.25"]
[SourceQuality "1"]

1. d4 Nf6 2. c4 e6 3. Nc3 d5 4. cxd5 exd5 5. Bg5 Be7 6. e3 c6 7. Bd3 Be6 8. Nf3 Nbd7 9. Qc2 h6 10. Bh4 Rc8 11. 0-0 Nh5 12. Bxe7 Qxe7 13. Rab1 0-0 14. b4 a6 15. a4 b5 16. a5 f5 17. Ne2 f4 18. Bg6 Bg4 19. Bxh5 Bxh5 20. Nxf4 Bxf3 21. gxf3 Rf6 22. Nxd5 cxd5 23. Qxc8+ Nf8 24. Qc5 Qf7 25. f4 Qd7 26. f3 Rc6 27. Rbc1 Rxc5 28. dxc5 Ne6 29. Rfd1 Qc6 30. Rd2 d4 31. Kf2 dxe3+ 32. Kxe3 Qc7 33. Rd6 Qe7 34. Kd2 Nxf4 35. Re1 Qf8 36. Re3 Kh7 37. Rxa6 Ng2 38. Rd3 Qf4+ 39. Kc3 Qc4+ 40. Kd2 Qxb4+ 41. Kc2 Ne1+ 0-1

[Event "SRB-ch U14"]
[Site "Vrnjacka Banja"]
[Date "2013.05.04"]
[Round "6"]
[White "Arsic, Djordje"]
[Black "Djakovic, Todor"]
[Result "1-0"]
[WhiteElo "2041"]
[BlackElo "1753"]
[PlyCount "55"]
[EventDate "2013.04.30"]
[EventType "swiss"]
[EventRounds "9"]
[EventCountry "SRB"]
[SourceTitle "CBM 154 Extra"]
[Source "ChessBase"]
[SourceDate "2013.06.25"]
[SourceVersion "2"]
[SourceVersionDate "2013.06.25"]
[SourceQuality "1"]

1. e4 e5 2. Nf3 Nc6 3. Bc4 Bc5 4. c3 Nf6 5. d3 d6 6. Bb3 d5 7. exd5 Nxd5 8. 0-0 Bg4 9. Bc2 0-0 10. Nbd2 f5 11. Re1 Qd6 12. Nf1 Kh8 13. Ng3 Rae8 14. Be3 Bxe3 15. fxe3 f4 16. Ne4 Qh6 17. exf4 Nxf4 18. Nf2 Bh5 19. g4 Bxg4 20. Nxg4 Qh3 21. Ne3 Re6 22. Kh1 Rh6 23. Rg1 Nh5 24. Ng4 Rxf3 25. Nxh6 gxh6 26. Qe1 Nf4 27. Rg3 Qh5 28. Bd1 1-0

[Event "SRB-ch U14"]
[Site "Vrnjacka Banja"]
[Date "2013.05.01"]
[Round "3"]
[White "Matovic, Mihajlo Z"]
[Black "Djakovic, Todor"]
[Result "0-1"]
[WhiteElo "2112"]
[BlackElo "1753"]
[PlyCount "82"]
[EventDate "2013.04.30"]
[EventType "swiss"]
[EventRounds "9"]
[EventCountry "SRB"]
[SourceTitle "CBM 154 Extra"]
[Source "ChessBase"]
[SourceDate "2013.06.25"]
[SourceVersion "2"]
[SourceVersionDate "2013.06.25"]
[SourceQuality "1"]

1. e4 e5 2. Nf3 Nc6 3. d4 exd4 4. Nxd4 Bc5 5. Be3 Qf6 6. c3 Nge7 7. g3 d5 8. Bg2 dxe4 9. 0-0 Bxd4 10. cxd4 0-0 11. Nc3 Bf5 12. g4 Bg6 13. g5 Qd6 14. Nxe4 Bxe4 15. Bxe4 Kh8 16. Qh5 g6 17. Qg4 Nd5 18. Qg2 Nce7 19. Rac1 c6 20. b3 f5 21. gxf6 Rxf6 22. Bg5 Rf7 23. Qg3 Nf4 24. Rfe1 Raf8 25. Bg2 Qd7 26. Rxe7 Rxe7 27. Bxf4 Rfe8 28. Be5+ Kg8 29. Qh3 Qd8 30. Qh4 Qd7 31. Bh3 Qd5 32. Qf6 Rxe5 33. dxe5 Rxe5 34. Bg2 Rg5 35. f3 Qd2 36. Qe6+ Kg7 37. Qe7+ Kh6 38. Qxg5+ Kxg5 39. Rc4 Qxa2 40. h4+ Kh6 41. Rc3 Qa1+ 0-1